Sports Quiz

Random Sports or Soccer Quiz

Champions League Top Scorers Quiz Stats

 Plays Quiz not verified by Sporcle

Support Sporcle.
Go Orange.
Score 0/45 Timer 10:00
0 Plays Today
GOALS PLAYER % Correct
128Cristiano Ronaldo
100%
114Lionel Messi
97.8%
64Robert Lewandowski
92.7%
71Raúl
88.8%
48Zlatan Ibrahimović
87.6%
50Thierry Henry
85.4%
24Luis Suárez
84.8%
44Didier Drogba
84.3%
44Thomas Müller
84.3%
64Karim Benzema
83.1%
34Neymar
82.6%
30Samuel Eto'o
81.5%
48Andriy Shevchenko
79.8%
39Sergio Agüero
79.2%
35Edinson Cavani
77.5%
22Mohamed Salah
77.5%
30Wayne Rooney
74.2%
56Ruud van Nistelrooy
73.6%
22Edin Džeko
70.2%
25Robin van Persie
69.7%
46Filippo Inzaghi
67.4%
28Ryan Giggs
65.7%
42Alessandro Del Piero
63.5%
GOALS PLAYER % Correct
31Arjen Robben
62.9%
21Mario Mandžukić
58.4%
24Gonzalo Higuaín
56.2%
30Kaká
54.5%
24Luís Figo
53.4%
23Frank Lampard
53.4%
21Steven Gerrard
52.2%
27Rivaldo
51.7%
26Mario Gómez
49.4%
23Antoine Griezmann
47.2%
23Jari Litmanen
43.8%
25Hernán Crespo
43.3%
29David Trezeguet
42.1%
33Fernando Morientes
41%
21Claudio Pizarro
41%
24Paul Scholes
39.9%
29Patrick Kluivert
39.3%
21Luiz Adriano
38.8%
29Roy Makaay
27.5%
25Giovane Élber
24.2%
25Mário Jardel
19.1%
24Marco Simone
7.9%

You're not logged in!

Compare scores with friends on all Sporcle quizzes.
OR
Log In

From the Vault

Pick the Best Albums of the 2000s

by Noldeh

It's an album of albums. An album amalgam.
Remove Ads.
Support Sporcle.
Get the best of Sporcle when you Go Orange. This ad-free experience offers more features, more stats, and more fun while also helping to support Sporcle. Thank you for becoming a member.

Show Comments

Extras

Top Quizzes Today


Score Distribution

Your Account Isn't Verified!

In order to create a playlist on Sporcle, you need to verify the email address you used during registration. Go to your Sporcle Settings to finish the process.

Report this User

Report this user for behavior that violates our Community Guidelines.

Details: